Catalog

Record Details

Catalog Search



Available copies

  • 3 of 3 copies available at LARL/NWRL Consortium. (Show)
  • 2 of 2 copies available at Lake Agassiz Regional Library.

Current holds

0 current holds with 3 total copies.

Show Only Available Copies
Location Call Number / Copy Notes Barcode Shelving Location Status Due Date
Breckenridge Public Library Y KEM (Text) 33500013934054 Main Available -
Detroit Lakes Public Library Y KEM (Text) 33500013934047 Main Available -

Record details

  • ISBN: 9781547613236
  • ISBN: 1547613238
  • Physical Description: 547 pages : map, charts ; 24 cm.
  • Publisher: New York : Bloomsbury, 2024.

Content descriptions

Summary, etc.:
"Corrick, Tessa and Harristan battle seemingly ... Read More
Target Audience Note:
Ages 13+ Bloomsbury.
Grades 10-12. Bloomsbury.
Subject: Courts and courtiers > Juvenile fiction.
Magic > Juvenile fiction.
Kings and rulers > Juvenile fiction.
Good and evil > Juvenile fiction.
Imaginary places > Juvenile fiction.
Fantasy.
Genre: Fantasy fiction.
Romance fiction.
Novels.
LDR 02750cam a22006978i 4500
001426247
003LARL_NWRL_CONSORTIUM
00520240124204748.0
008230828s2024 nyubd d 000 1 eng
010 . ‡a 2023037669
040 . ‡aDLC ‡beng ‡erda ‡cDLC ‡dOCLCO ‡dOCLCF ‡dCCPLG ‡dOCLCO ‡dLJW ‡dOCO ‡dOCLCO ‡dDCB ‡dOCLCO ‡dRNL ‡dSXP ‡dMWD ‡dOCLCO
020 . ‡a9781547613236 ‡q(hardcover)
020 . ‡a1547613238 ‡q(hardcover)
020 . ‡z9781547613243 ‡q(epub)
035 . ‡a(OCoLC)1376418816
042 . ‡apcc
08200. ‡a[Fic] ‡223
1001 . ‡aKemmerer, Brigid, ‡eauthor. ‡0(LARL_NWRL_CONSORTIUM)221194
24510. ‡aDestroy the day / ‡cby Brigid Kemmerer.
264 1. ‡aNew York : ‡bBloomsbury, ‡c2024.
300 . ‡a547 pages : ‡bmap, charts ; ‡c24 cm.
336 . ‡atext ‡btxt ‡2rdacontent
337 . ‡aunmediated ‡bn ‡2rdamedia
338 . ‡avolume ‡bnc ‡2rdacarrier
4900 . ‡aDefy the night ; ‡v3
521 . ‡aAges 13+ ‡bBloomsbury.
521 . ‡aGrades 10-12. ‡bBloomsbury.
520 . ‡a"Corrick, Tessa and Harristan battle seemingly insurmountable odds to find their way back to each other and save their kingdom"-- ‡cProvided by publisher.
650 0. ‡aCourts and courtiers ‡vJuvenile fiction.
650 0. ‡aMagic ‡vJuvenile fiction. ‡0(LARL_NWRL_CONSORTIUM)165990
650 0. ‡aKings and rulers ‡vJuvenile fiction. ‡0(LARL_NWRL_CONSORTIUM)172662
650 0. ‡aGood and evil ‡vJuvenile fiction. ‡0(LARL_NWRL_CONSORTIUM)165510
650 0. ‡aImaginary places ‡vJuvenile fiction.
650 1. ‡aFantasy. ‡0(LARL_NWRL_CONSORTIUM)19981
655 0. ‡aFantasy fiction.
655 7. ‡aRomance fiction. ‡2lcgft
655 7. ‡aNovels. ‡2lcgft
77608. ‡iOnline version: ‡aKemmerer, Brigid. ‡tDestroy the day ‡dNew York : Bloomsbury, 2024 ‡z9781547613243 ‡w(DLC) 2023037670
901 . ‡a426247 ‡bOCoLC ‡c426247 ‡tbiblio ‡soclc

Additional Resources